000 00497nam a2200145 4500
999 _c15319
_d15319
008 200520b ||||| |||| 00| 0 eng d
022 _a2094-8042
082 _aDPer 370.105 M72 June 2010-Mar 2011 v. 59 n. 1-10
100 _ade Guzman, Marvin D.
_942143
245 _aWays to have fun with science/
_cMarvin D. de Guzman.
260 _aPhilippines:
_bIn the Grade School, Inc.,
_cc2010-2011.
300 _av59 n2, page 51:
_billustrations;
_c28 cm.
650 _aScience
_942142
942 _2ddc
_cPER